Analýza kalibračných metód a princípov meracích zariadení pri prenose kmitania na človeka v pracovnom prostredí

Gespeichert in:
Bibliographische Detailangaben
1. Verfasser: Michálek, Juraj (Verfasst von)
Weitere Verfasser: Čekan, Pavol (Betreuung Doktorarbeit)
Format: Manuskript Buch
Sprache:Slowakisch
Veröffentlicht: 2017
Schlagworte:
Online-Zugang:http://is.stuba.sk/zp/portal_zp.pl?podrobnosti=131992
Tags: Tag hinzufügen
Keine Tags, Fügen Sie das erste Tag hinzu!

MARC

LEADER 00000ntm a22000003a 4500
001 stuzp63881
003 SK-STU
005 20170624212909.4
007 ta
008 150427s2015----xo-----f-mn---000-0-slo-d
040 |a STU  |b slo 
041 0 |a slo 
100 1 |a Michálek, Juraj  |u 065000  |4 aut  |U MTF Materiálovotechnologická fakulta  |T MTF Ústav integrovanej bezpečnosti  |X 73362  |U M5000  |Y 85  |7 73362 
242 0 1 |a Analysis of calibration methods and principles of measuring devices in the transmission of vibration to humans in the work environment  |y eng 
245 1 0 |a Analýza kalibračných metód a princípov meracích zariadení pri prenose kmitania na človeka v pracovnom prostredí 
260 |c 2017 
650 4 |a vibrácie  |2 slo 
650 4 |a akcelerometer  |2 slo 
650 4 |a kalibrácia  |2 slo 
650 4 |a kalibrátor  |2 slo 
650 4 |a vibration  |2 eng 
650 4 |a accelerometer  |2 eng 
650 4 |a calibration  |2 eng 
650 4 |a calibrator  |2 eng 
700 1 |a Čekan, Pavol  |u 065200  |k Z1  |4 ths  |U MTF Ústav integrovanej bezpečnosti  |T MTF Katedra bezpečnostného inžinierstva  |X 66185  |U M5200  |Y 192  |7 A000066185 
856 4 |u http://is.stuba.sk/zp/portal_zp.pl?podrobnosti=131992 
996 |c M* BP-8063  |l MMSKP  |s P  |a 0  |w stuzp63881_0001